La encrucijada (Record no. 117949)

MARC details
000 -LEADER
campo de control de longitud fija 00710nam a2200205 i 4500
001 - NÚMERO DE CONTROL
campo de control 117949
003 - IDENTIFICADOR DE NÚMERO DE CONTROL
campo de control ES-MaACL
005 - FECHA Y HORA DE LA ÚLTIMA TRANSACCIÓN
campo de control 20230906191012.0
007 - CAMPO FIJO DE DESCRIPCIÓN FÍSICA--INFORMACIÓN GENERAL
campo de control de longitud fija t|
008 - DATOS DE LONGITUD FIJA--INFORMACIÓN GENERAL
campo de control de longitud fija 070214s1971 sp r ||||1| spa d
100 1# - ENTRADA PRINCIPAL--NOMBRE DE PERSONA
Nombre de persona Pelay Orozco, Miguel.
9 (RLIN) 90021
245 13 - MENCIÓN DEL TÍTULO
Título La encrucijada
Resto del título : ideas en torno al problema cultural vasco /
Mención de responsabilidad, etc. Miguel Pelay Orozco.
260 ## - PUBLICACIÓN, DISTRIBUCIÓN, ETC.
Lugar de publicación, distribución, etc. Bilbao :
Nombre del editor, distribuidor, etc. La Gran Enciclopedia Vasca,
Fecha de publicación, distribución, etc. 1971.
300 ## - DESCRIPCIÓN FÍSICA
Extensión 151 p. ;
Dimensiones 23 cm.
490 1# - MENCIÓN DE SERIE
Mención de serie Colección Ayer, Hoy y Mañana del Pueblo y País Vascos
651 #4 - PUNTO DE ACCESO ADICIONAL DE MATERIA--NOMBRE GEOGRÁFICO
Nombre geográfico País Vasco-
Subdivisión general Cultura.
9 (RLIN) 9148
830 0# - PUNTO DE ACCESO ADICIONAL DE SERIE-TÍTULO UNIFORME
Título uniforme Colección Ayer, Hoy y Mañana del Pueblo y País Vascos
9 (RLIN) 218454
852 ## - LOCALIZACIÓN
Ubicación ES-MaACL
Número de control de estantería C-44551
Sublocalización o colección R.79286
Holdings
Estatus retirado Estado de pérdida Estado de daño No para préstamo Biblioteca de origen Biblioteca actual Ubicación en estantería Fecha de adquisición Fuente de adquisición Total de préstamos Signatura topográfica completa Código de barras Visto por última vez Precio de reemplazo Tipo de ítem Koha
        Biblioteca del Ateneo de Madrid Biblioteca del Ateneo de Madrid Depósito 2 17/01/2008     C-44551 1122964 23/02/2023 23/02/2023 Libro impreso